000 00838nam a2200229Ii 4500
003 JO-AjNU
008 230605s9999||||xx |||||||||||||| ||und||
017 _a2018/7/3608
020 _a978-9923-14-020-8
040 _aJO-AjNU
_bara
_erda
_cJO-AjNU
041 _aara
050 1 4 _aPJ7541 2019
100 3 _aبوهدة، فتحي أولاد مؤلف /عبد الستار الجامعي م. مشارك,
_eauthor
_958565
245 0 0 _aالخطاب الأدبي والمتلقي: قراءة تفاعلية تداولية
250 _aط1
264 3 1 _aإربد: عالم الكتب الحديث للنشر والتوزيع، 2019
300 _a98ص
336 _atext
_btxt
_2rdacontent
337 _aunmediated
_bn
_2rdamedia
338 _avolume
_bnc
_2rdacarrier
650 4 _aالأدب العربي- تاريخ و نقد
_958566
999 _aA26306
_c29874
_d29874